<?xml version="1.0" encoding="UTF-8"?>
<collection xmlns="http://www.loc.gov/MARC21/slim">
 <record>
  <leader>01091cam a2200313 7i4500</leader>
  <controlfield tag="001">0000124362</controlfield>
  <controlfield tag="005">20240402090000.0</controlfield>
  <controlfield tag="008">240402s2015    enka   ###   #00001engm#</controlfield>
  <datafield tag="020" ind1="#" ind2="#">
   <subfield code="a">1584351632 </subfield>
  </datafield>
  <datafield tag="020" ind1="#" ind2="#">
   <subfield code="a">9781584351634 </subfield>
  </datafield>
  <datafield tag="040" ind1="#" ind2="#">
   <subfield code="a">UMT </subfield>
   <subfield code="b">eng </subfield>
   <subfield code="c">UMT </subfield>
   <subfield code="e">rda</subfield>
  </datafield>
  <datafield tag="090" ind1="0" ind2="0">
   <subfield code="a">HG 3701 </subfield>
   <subfield code="b">.L3 2015</subfield>
  </datafield>
  <datafield tag="100" ind1="1" ind2="#">
   <subfield code="a">Lazzarato, Maurizio </subfield>
   <subfield code="e">author </subfield>
  </datafield>
  <datafield tag="245" ind1="1" ind2="0">
   <subfield code="a">Governing by debt  </subfield>
   <subfield code="c">Maurizio Lazzarato ; translated by Joshua David Jordan..</subfield>
  </datafield>
  <datafield tag="264" ind1="#" ind2="0">
   <subfield code="a">Cambridge, Mass.: </subfield>
   <subfield code="b">MIT Press, </subfield>
   <subfield code="c">2015</subfield>
  </datafield>
  <datafield tag="300" ind1="#" ind2="#">
   <subfield code="a">278 pages; </subfield>
   <subfield code="c">18 cm</subfield>
  </datafield>
  <datafield tag="336" ind1="#" ind2="#">
   <subfield code="a">text -- </subfield>
   <subfield code="2">rdacontent</subfield>
  </datafield>
  <datafield tag="337" ind1="#" ind2="#">
   <subfield code="a">unmediated -- </subfield>
   <subfield code="2">rdamedia</subfield>
  </datafield>
  <datafield tag="338" ind1="#" ind2="#">
   <subfield code="a">volume -- </subfield>
   <subfield code="2">rdacarrier</subfield>
  </datafield>
  <datafield tag="490" ind1="0" ind2="#">
   <subfield code="a">Semiotext(e) intervention series; </subfield>
   <subfield code="v">17</subfield>
  </datafield>
  <datafield tag="504" ind1="#" ind2="#">
   <subfield code="a">Includes bibliographical references </subfield>
  </datafield>
  <datafield tag="590" ind1="#" ind2="#">
   <subfield code="a">Perpustakaan Sultanah Nur Zahirah</subfield>
  </datafield>
  <datafield tag="650" ind1="#" ind2="0">
   <subfield code="a">Debts, Public </subfield>
  </datafield>
  <datafield tag="650" ind1="#" ind2="0">
   <subfield code="a">Debt -- </subfield>
   <subfield code="x">Social aspects </subfield>
  </datafield>
  <datafield tag="650" ind1="0" ind2="0">
   <subfield code="a">Debt -- </subfield>
   <subfield code="x">Political aspects </subfield>
  </datafield>
  <datafield tag="700" ind1="0" ind2="#">
   <subfield code="a">Jordan, Joshua David </subfield>
  </datafield>
  <datafield tag="700" ind1="0" ind2="#">
   <subfield code="a">Translation of: Lazzarato, M. (Maurizio) </subfield>
  </datafield>
  <datafield tag="830" ind1="#" ind2="0">
   <subfield code="a">Semiotext(e) intervention series</subfield>
  </datafield>
  <datafield tag="999" ind1=" " ind2=" ">
   <subfield code="a">1100095651</subfield>
   <subfield code="b">Book</subfield>
   <subfield code="c">Open Shelf</subfield>
   <subfield code="e">KOLEKSI TERBUKA</subfield>
  </datafield>
 </record>
</collection>
